[Event "CAN-ch U16 Girls"]
[Site "Quebec"]
[Date "2008.07.14"]
[Round "1"]
[White "Kagramanov, Dalia"]
[Black "Darbyson, Melissa"]
[Result "1/2-1/2"]
[WhiteElo "1837"]
[BlackElo "1623"]
[PlyCount "91"]
[EventDate "2008.07.14"]
[EventType "tourn"]
[EventRounds "5"]
[EventCountry "CAN"]
[SourceTitle "EXT 2011"]
[Source "ChessBase"]
[SourceDate "2010.11.26"]
[SourceVersion "1"]
[SourceVersionDate "2010.11.26"]
[SourceQuality "1"]

1. e4 e5 2. Nf3 Nc6 3. Bc4 Bc5 4. c3 Nf6 5. d4 exd4 6. cxd4 Bb4+ 7. Nc3 Nxe4 8. 0-0 Nxc3 9. bxc3 Be7 10. Qc2 d5 11. Bd3 Bg4 12. Kh1 Bxf3 13. gxf3 Bd6 14. Rg1 Qh4 15. Rg2 h6 16. Qb3 Nd8 17. Qxd5 Qf6 18. Bd2 g6 19. Re1+ Kf8 20. Reg1 c6 21. Qe4 g5 22. c4 Ne6 23. Be3 Re8 24. Qf5 Qxf5 25. Bxf5 Nf4 26. Bxf4 Bxf4 27. Be4 Ke7 28. Rb1 Rb8 29. Rgg1 Ke6 30. Rge1 Kd6 31. c5+ Kc7 32. d5 cxd5 33. Bxd5 Rhc8 34. Bxb7 Re8 35. Rxe8 Rxe8 36. Be4 Rb8 37. Rxb8 Kxb8 38. Kg1 Be5 39. h3 Kc7 40. Kf1 Bd4 41. c6 Be5 42. Ke2 Kb6 43. Kd3 Kc5 44. Kd2 Kb5 45. Kd3 Kc5 46. Kd2 1/2-1/2